[Event "IND-chT League"]
[Site "Pune"]
[Date "2014.06.13"]
[Round "5.5"]
[White "Dodeja, Pawan"]
[Black "Karavade, Eesha"]
[Result "1/2-1/2"]
[WhiteElo "2161"]
[BlackElo "2399"]
[PlyCount "104"]
[EventDate "2014.06.11"]
[EventType "team-tourn"]
[EventRounds "5"]
[EventCountry "IND"]
[SourceTitle "CBM 160 Extra"]
[Source "ChessBase"]
[SourceDate "2014.07.01"]
[SourceVersion "1"]
[SourceVersionDate "2014.07.01"]
[SourceQuality "1"]
[WhiteTeam "Pune TruMasters"]
[BlackTeam "Mumbai Movers"]
[WhiteTeamCountry "IND"]
[BlackTeamCountry "IND"]

1. e4 c5 2. Nf3 d6 3. d4 cxd4 4. Nxd4 Nf6 5. Nc3 a6 6. Be3 e5 7. Nb3 Be6 8. f3 h5 9. Qd2 Nbd7 10. Nd5 Bxd5 11. exd5 Qc7 12. c4 b6 13. Be2 g6 14. 0-0 Bg7 15. Rac1 0-0 16. Na1 a5 17. Nc2 Nc5 18. Na3 Rac8 19. Nb5 Qb8 20. b3 Rfe8 21. Kh1 Nfd7 22. Rb1 f5 23. Bh6 Nf6 24. Bxg7 Kxg7 25. a3 Red8 26. b4 axb4 27. axb4 Na6 28. Ra1 Nc7 29. Na7 Nce8 30. Nc6 Rxc6 31. dxc6 Nc7 32. Rfd1 Ne6 33. Qc3 h4 34. Ra6 f4 35. Rda1 Kh6 36. Bd3 Rc8 37. b5 Qc7 38. Ra7 Qd8 39. Rf7 Ng5 40. Rb7 Ne6 41. Raa7 h3 42. gxh3 Qh8 43. Qe1 Nh5 44. Re7 Ng5 45. Qg1 Qf6 46. Qg4 e4 47. Bxe4 Rh8 48. Red7 Qd4 49. Bxg6 Qd1+ 50. Qg1 Qxf3+ 51. Qg2 Qd1+ 52. Qg1 Qf3+ 1/2-1/2

[Event "Nagpur op"]
[Site "Nagpur"]
[Date "2012.10.17"]
[Round "3"]
[White "Deviatkin, Andrei"]
[Black "Dodeja, Pawan"]
[Result "1-0"]
[WhiteElo "2588"]
[BlackElo "2149"]
[PlyCount "145"]
[EventDate "2012.10.16"]
[EventType "swiss"]
[EventRounds "11"]
[EventCountry "IND"]
[SourceTitle "EXT 2013"]
[Source "ChessBase"]
[SourceDate "2012.11.22"]
[SourceVersion "1"]
[SourceVersionDate "2012.11.22"]
[SourceQuality "1"]

1. d4 e6 2. Nf3 Nf6 3. c4 b6 4. g3 Ba6 5. Qa4 Be7 6. Bg2 c6 7. Nc3 0-0 8. Ne5 d5 9. Nxc6 Nxc6 10. Qxa6 Nxd4 11. 0-0 Rc8 12. cxd5 Nc2 13. Rb1 Nb4 14. Qa4 Nfxd5 15. Nxd5 Nxd5 16. Qxa7 Ra8 17. Qb7 Rxa2 18. Rd1 Bf6 19. e4 Qc7 20. Qxc7 Nxc7 21. Bf4 e5 22. Be3 Ne6 23. Rd6 b5 24. Bf1 Rb8 25. h4 h5 26. Be2 g6 27. Bd1 Rba8 28. Bb3 Ra1 29. Rxa1 Rxa1+ 30. Kg2 Rb1 31. Bxe6 fxe6 32. Rd2 Be7 33. Kf3 Kf7 34. Ke2 Ke8 35. Kd3 Bb4 36. Rc2 Kd7 37. Bh6 Rd1+ 38. Ke2 Re1+ 39. Kf3 Rb1 40. Bg7 Bd6 41. Ke2 Ke7 42. Kd2 Bb4+ 43. Kd3 Rd1+ 44. Ke2 Re1+ 45. Kf3 Bd6 46. Rc3 Kd7 47. Bh6 Rd1 48. Be3 Rb1 49. Rc2 Bb4 50. Ba7 Bd6 51. Ke2 Ra1 52. Bc5 Bc7 53. Ba3 Bb6 54. Rd2+ Ke8 55. Rd6 Bd4 56. Rxe6+ Kf7 57. Re7+ Kf6 58. Rb7 Rh1 59. Rxb5 Rh2 60. Rb7 Rxf2+ 61. Kd3 Rf3+ 62. Kc4 Rxg3 63. Kd5 g5 64. Be7+ Kg6 65. Bxg5 Rxg5 66. hxg5 h4 67. Rb8 Kxg5 68. b4 h3 69. b5 Kf4 70. b6 h2 71. Rh8 Bxb6 72. Rxh2 Bd4 73. Rh5 1-0